Athlétisme : Champion de France de Marathon - Statistiques

Statistiques générales
  • Ce quiz a été pris 4 fois
    2 depuis la dernière actualisation
  • Le résultat moyen est 8 sur 98
Statistiques - réponses
Année Vainqueur % Correct
1966 Alain Mimoun
100%
1965 Alain Mimoun
100%
1964 Alain Mimoun
100%
1960 Alain Mimoun
100%
1959 Alain Mimoun
100%
1958 Alain Mimoun
100%
2026 Morhad Amdouni
100%
2015 Michaël Gras
50%
1995 Abdi Djama-Galesh
0%
1986 Alain Lazare
0%
1983 Alain Lazare
0%
2011 Alban Chorin
0%
2021 Alexandre Bourgeois
0%
1988 Alexandre Rachide
0%
1922 Allemanen Arbidi
0%
1969 André Lacour
0%
2025 Benjamin Polin
0%
2024 Benjamin Polin
0%
2000 Benoît Zwierzchiewski
0%
1980 Bernard Bobes
0%
1979 Bernard Bobes
0%
1982 Bernard Faure
0%
1998 Bertrand Itsweire
0%
2014 Bouabdellah Tahri
0%
1928 Boughéra El Ouafi
0%
1924 Boughéra El Ouafi
0%
1953 Charles Cérou
0%
1951 Charles Cérou
0%
1921 Charles Robert
0%
1975 Daniel Fosse
0%
2007 David Antoine
0%
2005 David Antoine
0%
2004 David Antoine
0%
1937 Désiré Leriche
0%
1993 Dominique Chauvelier
0%
1991 Dominique Chauvelier
0%
1990 Dominique Chauvelier
0%
1981 Dominique Chauvelier
0%
2022 Duncan Perrillat
0%
1962 Eric Halberg
0%
1943 Eugène Lamarque
0%
1977 Fernand Kolbeck
0%
1974 Fernand Kolbeck
0%
1973 Fernand Kolbeck
0%
1972 Fernand Kolbeck
0%
1971 Fernand Kolbeck
0%
1936 Fernand Le Heurteur
0%
1932 François Bégeot
0%
2017 Freddy Guimard
0%
1945 Georges Lebas
0%
1926 Gustave Lacolle
0%
1923 Gustave Lacolle
0%
1999 Hakim Bagy
0%
1957 Henri Chene
0%
2009 James Theuri
0%
1987 Jean-Jacques Padel
0%
1963 Jean Lavaine
0%
1978 Jean-Paul Gomez
0%
1976 Jean-Pierre Eudier
0%
1955 Joseph Pezier
0%
2019 Julien Devanne
0%
1952 Lionel Billas
0%
1920 Louis Ichard
0%
1912 Louis Pautex
0%
1992 Luis Soares
0%
1930 Marius Signoret
0%
2018 Mathieu Brulet
0%
1941 Maurice Waltispurger
0%
1938 Maurice Waltispurger
0%
1954 Michel Pressensé
0%
1956 Mohamed Maguini Ben Saïd
0%
1914 Mouloud Chafari
0%
1939 Nouba Khaled
0%
1997 Pascal Blanchard
0%
2006 Pascal Fétizon
0%
1996 Pascal Fétizon
0%
1985 Patrick Joannes
0%
1984 Patrick Joannes
0%
1961 Paul Genève
0%
2016 Paul Lalire
0%
2001 Philippe Remond
0%
1994 Philippe Remond
0%
1947 Pierre Cousin
0%
1946 Pierre Cousin
0%
2010 Rachid Ghanmouni
0%
1931 Raoul Morier
0%
1970 René Combes
0%
1968 René Combes
0%
1950 René Josset
0%
1949 René Josset
0%
1948 René Josset
0%
1925 René Sornais
0%
1967 Robert Gomez
0%
2013 Ruben Indongo
0%
2008 Samir Baala
0%
2002 Samir Baala
0%
2012 Stéphane Lefrand
0%
1989 Thierry Watrice
0%
Aucun quiz correspondant
Distribution des résultats
% des personnes avec chaque résultat
Percentile par nombre de réponses
Votre historique - résultats
Vous n’avez pas pris ce quiz depuis la dernière actualisation